000 00554nam a22002297a 4500
003 UA-OsUOA
001 45446
007 ta
008 20070418b un ||||| |||| 00| 0 ukr d
090 _a323(039)(477.85)
_bХ97
942 _cBK
040 _aUA-OsUOA
_bukr
_cUA-OsUOA
_dUA-OsUOA
245 _aХто є хто на Буковині
300 _a188 с.
955 _a3
041 _aukr
080 _a323(039)(477.85)
020 _a966-8189-19-1
260 _aК.
_bУНТГВ
_c2006
650 7 _a32 Політика
_2UDC
999 _c331554
_d331554